00541nam a2200193 a 4500001001300000003000900013005001700022008004100039020000800080082001700088100003300105245002000138260004500158300000900203500003500212505005100247650001600298700003300314nice12345678IN_TiNIC20260116012321.0050524s1977 dela grp 000 0 urd  ac600a891.41bJAU1 aJauhar, Buddha Prakash Gupta aNaqsh-E-Motabar aDelhibIntercultural Publications c1977 a112p aincludes index and biblioraphy2 aprinted from The Muslim World, lxi, no.3, 1971 aUrdu-Poetry1 aJauhar, Buddha Prakash Gupta